000 00743nam a22002177a 4500
003 UA-OsUOA
001 102600
007 ta
008 20130926b un ||||| |||| 00| 0 ukr d
100 _aДубина Н.
090 _a81
_bД79
942 _cSA
040 _aUA-OsUOA
_bukr
_cUA-OsUOA
_dUA-OsUOA
245 _aФормування пізнавальних інтересів на уроках української мови та літератури
300 _aС.35
955 _a0
041 _aukr
080 _a81
773 0 _w102597
_tУкраїнська мова та література
_dК.
_d2013
_g15
650 7 _a8 Мовознавство. Художня література. Літературознавство
_2UDC
999 _c388866
_d388866